[Event "Titled Tuesday intern op 25th Aug"]
[Site "Chess.com INT"]
[Date "2020.08.25"]
[Round "2"]
[White "Poghosyan, Suren"]
[Black "Corvi, Marco"]
[Result "0-1"]
[WhiteElo "2275"]
[BlackElo "2258"]
[PlyCount "148"]
[EventDate "2020.08.25"]
[EventType "swiss (blitz)"]
[EventRounds "10"]
[EventCountry "USA"]
[SourceTitle "CBM 198 Extra"]
[Source "ChessBase"]
[SourceDate "2020.11.30"]
[SourceVersion "1"]
[SourceVersionDate "2020.11.30"]
[SourceQuality "1"]

1. d4 f5 2. e4 fxe4 3. Nc3 Nf6 4. Bg5 e6 5. Nxe4 Be7 6. Bxf6 Bxf6 7. Nf3 Qe7 8. c3 Nc6 9. Bd3 b6 10. Qe2 Bb7 11. 0-0-0 0-0-0 12. Ba6 Nb8 13. Bxb7+ Kxb7 14. Rhe1 Qf7 15. Kb1 h6 16. Qc2 g5 17. Nxf6 Qxf6 18. Ne5 Rhf8 19. Qe4+ c6 20. Re2 Qf5 21. f3 Qxe4+ 22. Rxe4 Kc7 23. h4 d6 24. Ng4 h5 25. Ne3 Rf4 26. hxg5 Rxe4 27. fxe4 Rg8 28. Rf1 Rxg5 29. Rf7+ Nd7 30. Kc2 Kd8 31. Kd3 Ke8 32. Rh7 Nf6 33. Rxa7 Rg3 34. Ke2 Nxe4 35. Rh7 Rg5 36. a4 c5 37. Nc4 cxd4 38. cxd4 d5 39. Nxb6 Rxg2+ 40. Kf3 Rf2+ 41. Ke3 Rxb2 42. a5 Ra2 43. Ra7 Nd6 44. a6 h4 45. Ra8+ Kf7 46. a7 Kg7 47. Rd8 Nf5+ 48. Kf4 Rxa7 49. Ke5 h3 50. Rc8 h2 51. Rc1 Ra2 52. Rh1 Ng3 53. Rb1 h1Q 54. Rxh1 Nxh1 55. Kxe6 Rb2 56. Nxd5 Nf2 57. Nf4 Ne4 58. Ke5 Nc3 59. d5 Rb4 60. Ne6+ Kf7 61. Ng5+ Ke7 62. d6+ Kd7 63. Nh7 Rb5+ 64. Kd4 Ne2+ 65. Kc4 Rb8 66. Nf6+ Kxd6 67. Ne4+ Ke5 68. Nc5 Rc8 69. Kb5 Nf4 70. Nd7+ Kd6 71. Nb6 Rb8 72. Ka6 Kc6 73. Ka7 Rxb6 74. Ka8 Nd5 0-1

[Event "EU-ch Online U2300 Qual"]
[Site "Chess.com INT"]
[Date "2020.05.25"]
[Round "3"]
[White "Corvi, Marco"]
[Black "Bin Nun, Peleg"]
[Result "1/2-1/2"]
[WhiteElo "2258"]
[BlackElo "2004"]
[PlyCount "115"]
[EventDate "2020.05.25"]
[EventType "swiss"]
[EventRounds "8"]
[EventCountry "NET"]
[SourceTitle "EXT 2021"]
[Source "ChessBase"]
[SourceDate "2020.10.23"]
[SourceVersion "1"]
[SourceVersionDate "2020.10.23"]
[SourceQuality "1"]

1. c4 Nf6 2. Nc3 g6 3. Nf3 Bg7 4. g3 0-0 5. Bg2 c5 6. 0-0 Nc6 7. d4 cxd4 8. Nxd4 e5 9. Ndb5 Ne8 10. Be3 a6 11. Nd6 Nd4 12. Nxc8 Qxc8 13. b3 Nc7 14. Rc1 Nce6 15. Nd5 Qd8 16. Bd2 Nc5 17. e3 Nc6 18. Bc3 e4 19. Bxg7 Kxg7 20. b4 Nd3 21. Bxe4 Nxc1 22. Qxc1 f6 23. Rd1 Rf7 24. Qc3 Rc8 25. Bd3 Ne5 26. Qb3 Qf8 27. f4 Nc6 28. a3 Ne7 29. Be4 Nxd5 30. Bxd5 Re7 31. e4 Qd8 32. Qb2 Qb6+ 33. Qf2 Qxf2+ 34. Kxf2 d6 35. g4 b5 36. Rd4 bxc4 37. Bxc4 Ra7 38. Ke3 Kf8 39. Kd3 Ke7 40. Rd5 a5 41. bxa5 Rc5 42. a6 Rxd5+ 43. exd5 Kd7 44. a4 Kc7 45. Kc3 Kb8 46. Kb4 Rc7 47. g5 fxg5 48. fxg5 Ka7 49. a5 Rf7 50. Kb5 Rc7 51. Kb4 Kb8 52. Bb5 Rc5 53. Bc6 Ka7 54. Bb7 Rc1 55. Kb5 Rc5+ 56. Kb4 Rc2 57. Kb5 Rc5+ 58. Kb4 1/2-1/2

[Event "Titled Tuesday intern op 12th May"]
[Site "Chess.com INT"]
[Date "2020.05.12"]
[Round "6"]
[White "Sailer, Mike L"]
[Black "Corvi, Marco"]
[Result "0-1"]
[WhiteElo "2109"]
[BlackElo "2258"]
[PlyCount "96"]
[EventDate "2020.05.12"]
[EventType "swiss (blitz)"]
[EventRounds "10"]
[EventCountry "USA"]
[SourceTitle "EXT 2021"]
[Source "ChessBase"]
[SourceDate "2020.10.23"]
[SourceVersion "1"]
[SourceVersionDate "2020.10.23"]
[SourceQuality "1"]

1. d4 f5 2. Nc3 Nf6 3. Bg5 e6 4. e4 fxe4 5. Nxe4 Be7 6. Bxf6 Bxf6 7. Qh5+ g6 8. Nxf6+ Qxf6 9. Qg4 0-0 10. Nf3 Nc6 11. h4 d5 12. 0-0-0 e5 13. dxe5 Nxe5 14. Qd4 Nxf3 15. Qxd5+ Be6 16. Qxf3 Qxf3 17. gxf3 Rxf3 18. Rd2 Raf8 19. Rh2 c6 20. Bd3 Kg7 21. h5 g5 22. h6+ Kf6 23. Bxh7 Rh8 24. Be4 Rf4 25. Bd3 Bf5 26. Bxf5 Kxf5 27. h7 Rh4 28. Rg2 R8xh7 29. c3 g4 30. Rd3 Re7 31. Kd2 Re4 32. Re3 Rxe3 33. Kxe3 Rh3+ 34. Rg3 Rh1 35. Kd4 Rf1 36. Rg2 Kf4 37. a4 Rb1 38. b4 Ra1 39. a5 Rc1 40. Kd3 b6 41. axb6 axb6 42. Kd4 Rc2 43. Kc4 Kf3 44. Rg3+ Kf4 45. Rg2 Rc1 46. b5 c5 47. Kd5 Rxc3 48. Kc6 Rb3 0-1

[Event "Titled Tuesday intern op 5th May"]
[Site "Chess.com INT"]
[Date "2020.05.05"]
[Round "7"]
[White "Corvi, Marco"]
[Black "Guimaraes, Wagner Peixoto"]
[Result "0-1"]
[WhiteElo "2258"]
[BlackElo "2218"]
[PlyCount "74"]
[EventDate "2020.05.05"]
[EventType "swiss (blitz)"]
[EventRounds "10"]
[EventCountry "USA"]
[SourceTitle "EXT 2021"]
[Source "ChessBase"]
[SourceDate "2020.10.23"]
[SourceVersion "1"]
[SourceVersionDate "2020.10.23"]
[SourceQuality "1"]

1. c4 c6 2. Nf3 d5 3. e3 Nf6 4. Nc3 a6 5. Qc2 g6 6. Be2 Bg7 7. 0-0 0-0 8. h3 Bf5 9. Qb3 b5 10. cxd5 cxd5 11. Nd4 Bd7 12. f4 Nc6 13. Nxc6 Bxc6 14. Bf3 Ne4 15. d4 e6 16. Bxe4 dxe4 17. Bd2 Bd5 18. Qd1 Bc4 19. Rf2 Bd3 20. Be1 Bf6 21. Rd2 Rc8 22. a3 Qb6 23. Bf2 Rc4 24. g4 Rfc8 25. h4 a5 26. Kh2 b4 27. Na4 Qd8 28. g5 Be7 29. h5 Bc2 30. Rxc2 Rxc2 31. Kg3 Bxg5 32. Nc5 Bh4+ 33. Kg4 Rxf2 34. hxg6 hxg6 35. Qh1 f5+ 36. Kh3 Rf3+ 37. Kg2 Rxc5 0-1

[Event "Titled Tuesday intern op 5th May"]
[Site "Chess.com INT"]
[Date "2020.05.05"]
[Round "4"]
[White "Corvi, Marco"]
[Black "Papp, Petra"]
[Result "0-1"]
[WhiteElo "2258"]
[BlackElo "2338"]
[PlyCount "90"]
[EventDate "2020.05.05"]
[EventType "swiss (blitz)"]
[EventRounds "10"]
[EventCountry "USA"]
[SourceTitle "EXT 2021"]
[Source "ChessBase"]
[SourceDate "2020.10.23"]
[SourceVersion "1"]
[SourceVersionDate "2020.10.23"]
[SourceQuality "1"]

1. e4 c6 2. d4 d5 3. Nd2 dxe4 4. Nxe4 Nf6 5. Nxf6+ exf6 6. c3 Bd6 7. Bd3 0-0 8. Nf3 Re8+ 9. Be3 Bg4 10. h3 Bh5 11. 0-0 Na6 12. Re1 Nc7 13. Be2 Nd5 14. Qd2 Nxe3 15. fxe3 Bg3 16. Rf1 Qe7 17. Nh2 Bxe2 18. Qxe2 Qxe3+ 19. Qxe3 Rxe3 20. Rf3 Bxh2+ 21. Kxh2 Rxf3 22. gxf3 Re8 23. Kg3 Re2 24. Rb1 Kf8 25. a4 Ke7 26. b4 Rc2 27. Rb3 Kd6 28. b5 c5 29. dxc5+ Kxc5 30. a5 b6 31. axb6 axb6 32. h4 Rd2 33. Rb4 Rd3 34. Rg4 g6 35. h5 Rxc3 36. h6 f5 37. Ra4 Rc1 38. Ra7 Rh1 39. Rxf7 Rxh6 40. Kf4 Kxb5 41. Kg5 Rh1 42. f4 Rh5+ 43. Kf6 Kc4 44. Ke5 b5 45. Rc7+ Kb3 0-1

[Event "Titled Tuesday intern op 5th May"]
[Site "Chess.com INT"]
[Date "2020.05.05"]
[Round "3"]
[White "Tristan, Leonardo"]
[Black "Corvi, Marco"]
[Result "1-0"]
[WhiteElo "2535"]
[BlackElo "2258"]
[PlyCount "97"]
[EventDate "2020.05.05"]
[EventType "swiss (blitz)"]
[EventRounds "10"]
[EventCountry "USA"]
[SourceTitle "EXT 2021"]
[Source "ChessBase"]
[SourceDate "2020.10.23"]
[SourceVersion "1"]
[SourceVersionDate "2020.10.23"]
[SourceQuality "1"]

1. e4 c5 2. Nc3 g6 3. d4 cxd4 4. Qxd4 Nf6 5. Bb5 a6 6. e5 axb5 7. exf6 exf6 8. Nd5 Be7 9. Bh6 Nc6 10. Qe3 Ne5 11. h3 Qa5+ 12. c3 b4 13. Nxe7 bxc3 14. bxc3 Kxe7 15. f4 Re8 16. fxe5 Kd8 17. Nf3 fxe5 18. Bg5+ Kc7 19. 0-0 Ra6 20. Nd2 f5 21. Nb3 Qb6 22. Qxb6+ Rxb6 23. c4 Rc6 24. c5 b6 25. cxb6+ Kxb6 26. Be3+ Kc7 27. Na5 Rc2 28. Rfc1 Rxc1+ 29. Rxc1+ Kd8 30. Bc5 d5 31. Bb6+ Kd7 32. Rc7+ Ke6 33. Rxh7 d4 34. Rg7 d3 35. Rxg6+ Kd5 36. Bc7 Be6 37. Nb3 e4 38. Kf2 f4 39. Rg5+ Kc6 40. Rc5+ Kd7 41. Bxf4 Bxb3 42. axb3 Rf8 43. g3 d2 44. Rd5+ Kc6 45. Rxd2 Kb5 46. Ke3 Kb4 47. Rd4+ Kxb3 48. Rxe4 Kc3 49. h4 1-0

[Event "Titled Tuesday intern op 28th Apr"]
[Site "Chess.com INT"]
[Date "2020.04.28"]
[Round "1"]
[White "Vantika, Agrawal"]
[Black "Corvi, Marco"]
[Result "1-0"]
[WhiteElo "2286"]
[BlackElo "2258"]
[PlyCount "101"]
[EventDate "2020.04.28"]
[EventType "swiss (blitz)"]
[EventRounds "10"]
[EventCountry "USA"]
[SourceTitle "EXT 2021"]
[Source "ChessBase"]
[SourceDate "2020.10.23"]
[SourceVersion "1"]
[SourceVersionDate "2020.10.23"]
[SourceQuality "1"]

1. d4 f5 2. Nf3 Nf6 3. g3 e6 4. Bg2 Be7 5. 0-0 0-0 6. c4 d6 7. Nc3 Qe8 8. b3 Ne4 9. Bb2 Nxc3 10. Bxc3 Bf6 11. Qc2 Nc6 12. e4 fxe4 13. Qxe4 Qh5 14. b4 d5 15. Qd3 Bd7 16. Rfe1 Rae8 17. c5 a6 18. a4 Ne7 19. b5 axb5 20. axb5 Ra8 21. h3 Qg6 22. Qe2 Rxa1 23. Rxa1 Qe4 24. Qb2 Qd3 25. b6 cxb6 26. cxb6 Nc6 27. Ne1 Qg6 28. Nf3 Qd3 29. Ne1 Qf5 30. Nf3 g5 31. Ne5 Bxe5 32. dxe5 d4 33. Bxd4 h5 34. Bc3 g4 35. hxg4 hxg4 36. Qd2 Kf7 37. Qxd7+ Kg6 38. Qd2 Rf7 39. Qe2 Rh7 40. Be4 Ne7 41. Qxg4+ Kf7 42. Bxf5 Nxf5 43. Qc4 Rg7 44. Qc7+ Kg6 45. Qc8 Rf7 46. Qxe6+ Kg7 47. Qd5 Kf8 48. e6 Ke8 49. exf7+ Kf8 50. Qxf5 Ke7 51. f8Q# 1-0